10 Najwartościowszych Zawodników z Afryki - Statystyki

Ogólne statystyki
  • Ten quiz został rozwiązany 89 razy
  • Średni wynik to 4 z 10
Statystyki odpowiedzi
Wartość Piłkarz % Poprawnych
120 mln Mane
98%
120 mln Salah
94%
56 mln Koulibaly
65%
48 mln Mahrez
51%
56 mln Aubameyang
44%
54 mln Hakimi
31%
40 mln Ziyech
27%
52 mln Pepe
11%
44 mln Zaha
10%
40 mln Thomas
4%
Nie znaleziono quizów pasujących do podanych kryteriów
Rozkład punktacji
Procent ludzi z każdym wynikiem
Percentyl według liczby udzielonych odpowiedzi
Twoja historia wyników
Nie rozwiązałeś tego quizu